Educating tribals in India : (Record no. 67782)

MARC details
000 -LEADER
fixed length control field 00592nam a22001577a 4500
005 - DATE AND TIME OF LATEST TRANSACTION
control field 20120611111434.0
020 ## - INTERNATIONAL STANDARD BOOK NUMBER
International Standard Book Number 8173913374
Terms of availability 00
035 ## - SYSTEM CONTROL NUMBER
System control number B-19383
037 ## - SOURCE OF ACQUISITION
Stock number DPL
Source of stock number/acquisition ENG
100 ## - MAIN ENTRY--PERSONAL NAME
Personal name Nagi, B.S.
245 ## - TITLE STATEMENT
Title Educating tribals in India :
Remainder of title A study of Ashram schools /
Statement of responsibility, etc by B.S. Nagi
260 ## - PUBLICATION, DISTRIBUTION, ETC. (IMPRINT)
Place of publication, distribution, etc New Delhi
Name of publisher, distributor, etc Kanishka Publishers, Distributors
Date of publication, distribution, etc 2000
300 ## - PHYSICAL DESCRIPTION
Extent xvii, 236p.
Dimensions 20 cms.
942 ## - ADDED ENTRY ELEMENTS (KOHA)
Source of classification or shelving scheme Dewey Decimal Classification
Item type English Books
Classification part 371.967
Call number suffix NAG
Holdings
Withdrawn status Lost status Not for loan Collection code Home library Current library Date acquired Cost, normal purchase price Full call number Barcode Cost, replacement price Koha item type
      Non-fiction Sarojini Nagar Sarojini Nagar 11/06/2012 0.00 371.967 NAG B-19383 0.00 English Books

© Delhi Public Library
Hit Counter
free hit counter